| 000 | 004400000a22001690004500 | ||
|---|---|---|---|
| 041 | 0 | _aSPA | |
| 082 | 0 | 4 | _aG 251 M244e |
| 100 | 1 | _aMaldonado, Luis (1860-1926) | |
| 245 | 1 | 0 | _aEl menester de la predicación / Luis Maldonado |
| 260 | _aSalamanca, España : Sígueme | ||
| 300 | _a222 Pag | ||
| 001 | 6074 | ||
| 942 | _cBK | ||
| 999 |
_c36401 _d36401 |
||
| 336 |
_atexto _btxt _2rdacontent |
||
| 337 |
_2rdamedia _asin mediación _bn |
||
| 338 |
_2rdacarrier _avolumen _bnc |
||